000 00497nam a2200181Ia 4500
008 100315s9999 xx 000 0 und d
082 _b2533 
100 _a"MEHTA, V. G. "
245 _aINCOME-TAX READY RECKONER: ASSESMENT YEAR 1991-92
260 _c
300 _a352P 
365 _d
_b0.00 
366 _f
530 _b-  
630 _aINCOME-TAX READY RECKONER: ASSESMENT YEAR 1991-92
730 _aINCOME-TAX READY RECKONER: ASSESMENT YEAR 1991-92
942 _cBOOK
999 _c477268
_d477265